Le matériel archéologique et les restes humains de la nécropole d'Aïn el-Labakha (oasis de Kharga) /

محفوظ في:

مؤلفون آخرون: Ibrahim, Bahgat Ahmed

التنسيق: كتاب

اللغة: French

منشور في: Paris : Cybèle, c2008.

الموضوعات:

الوسوم: إضافة وسم

لا توجد وسوم, كن أول من يضع وسما على هذه التسجيلة!

رقم الطلب: DT73 .K5 M384

LEADER 00835nam a22002417a 4500
003 OSt
005 20251209083533.0
008 251209t2008 fr ab b 000 0 fre d
020 |a 9782915840070 
040 |c ARCE Library 
043 |a f-ua--- 
050 1 4 |a DT73 .K5  |b M384 
245 0 3 |a Le matériel archéologique et les restes humains de la nécropole d'Aïn el-Labakha (oasis de Kharga) /   |c Bahgat Ahmed Ibrahim ... [et al.]. 
264 1 |a Paris :   |b Cybèle,   |c c2008.  
300 |a 203 pages :   |b illustrations (some color), maps ;   |c 30 cm. 
504 |a Includes bibliographical references.  
650 0 |a Mummies  |z Egypt  |z Kharga (Oasis)  
650 0 |a Tombs  |z Egypt  |z Kharga (Oasis)  
651 0 |a Kharga (Egypt : Oasis)  |x Antiquities.  
700 1 |a Ibrahim, Bahgat Ahmed, 
901 |a reviewed 
942 |c BK  |2 lcc 
999 |c 27930  |d 27930